00730cam a2200229 a 4500001000800000005001700008008004100025010001700066020002200083040001800105041000800123080001400131082001900145100000700164101000800171245008000179504005300259906004500312942001200357999001700369952011400386207178420180123092848.0940915s1995 ilua b 001 0 eng  a 94066869  a0875813909 (pbk.) aDLCcDLCdDLC aeng a07.14 mac00a307.14 mac220 a48 aedu00aStrategies of community intervention :ceditors, Jack Rothman ... [et al.]. aIncludes bibliographical references and indexes. a7bcbccorignewd2eopcnf19gy-gencatlg 2ddccBK c40804d40804 00102ddc40708PËKGa002b002cPËKGd2018-01-23l0o307.14 macp002-2996182r2018-01-23w2018-01-23yBK